00229nam a2200097Ia 4500008004100000082000800041100001200049245004900061942000600110999001500116240331s9999 xx 000 0 und d bGRA aGray, J 0aLiberalism :bessays in political philosophy cL c2517d2517